<?xml version="1.0" encoding="UTF-8"?>
<record
    xmlns:xsi="http://www.w3.org/2001/XMLSchema-instance"
    xsi:schemaLocation="http://www.loc.gov/MARC21/slim http://www.loc.gov/standards/marcxml/schema/MARC21slim.xsd"
    xmlns="http://www.loc.gov/MARC21/slim">

  <leader>03616nam a22003257a 4500</leader>
  <controlfield tag="003">OSt</controlfield>
  <controlfield tag="005">20240828145108.0</controlfield>
  <controlfield tag="007">cr ||||||a|c|a</controlfield>
  <controlfield tag="008">240826s2020    mx adb|fom||| 001 0 spa d</controlfield>
  <datafield tag="040" ind1=" " ind2=" ">
    <subfield code="e">rda</subfield>
  </datafield>
  <datafield tag="100" ind1="1" ind2=" ">
    <subfield code="a">Mart&#xED;nez Hern&#xE1;ndez, Brayan Eduardo</subfield>
    <subfield code="9">189474</subfield>
  </datafield>
  <datafield tag="245" ind1="1" ind2="0">
    <subfield code="a">Indicadores de calentamiento global, selectividad y aprovechamiento de la dieta mediante la produccu&#xF3;n de gas /</subfield>
    <subfield code="c">por Brayan Eduardo Mart&#xED;nez Hern&#xE1;ndez; director Luis Alberto Miranda Romero; codirector Omar Slvador Flores; asesor Carlos S&#xE1;nchez del Real</subfield>
  </datafield>
  <datafield tag="264" ind1=" " ind2="1">
    <subfield code="a">Chapingo, M&#xE9;xico :</subfield>
    <subfield code="b">El autor,</subfield>
    <subfield code="c">2020.</subfield>
  </datafield>
  <datafield tag="300" ind1=" " ind2=" ">
    <subfield code="a">1 recurso en l&#xED;nea (46 p&#xE1;ginas):</subfield>
    <subfield code="b">Ilustraciones, cuadros, gr&#xE1;ficas, tablas</subfield>
  </datafield>
  <datafield tag="336" ind1=" " ind2=" ">
    <subfield code="2">rdacontent</subfield>
    <subfield code="a">texto</subfield>
    <subfield code="b">txt</subfield>
  </datafield>
  <datafield tag="337" ind1=" " ind2=" ">
    <subfield code="2">rdamedia</subfield>
    <subfield code="a">computadora</subfield>
    <subfield code="b">c</subfield>
  </datafield>
  <datafield tag="338" ind1=" " ind2=" ">
    <subfield code="2">rdacarrier</subfield>
    <subfield code="a">recurso en l&#xED;nea</subfield>
    <subfield code="b">cr</subfield>
  </datafield>
  <datafield tag="502" ind1=" " ind2=" ">
    <subfield code="b">MCIG</subfield>
    <subfield code="c">Zootecn&#xED;a</subfield>
    <subfield code="d">2020.</subfield>
    <subfield code="g">MAE</subfield>
  </datafield>
  <datafield tag="504" ind1=" " ind2=" ">
    <subfield code="a">Incluye referencias bibliogr&#xE1;ficas: p&#xE1;ginas 2-5, 11-14, 24-25, 44-46</subfield>
  </datafield>
  <datafield tag="520" ind1=" " ind2=" ">
    <subfield code="a">La crianza de rumiantes contribuye sustancialmente a la emisi&#xF3;n de gases de efecto invernadero (CH4 y CO2); consecuentemente, al calentamiento global de la tierra. En este sentido, la formulaci&#xF3;n de dietas para rumiantes debe cumplir los objetivos de promover la mejor respuesta productiva y causar el menor impacto en el calentamiento global. La selectividad que los rumiantes hacen del alimento que se les ofrece, puede afectar tales objetivos. El gas de fermentaci&#xF3;n ruminal, medido por la t&#xE9;cnica de producci&#xF3;n de gas in vitro(TPG), puede usarse como un marcador de la fracci&#xF3;n fermentable del alimento y para obtener indicadores como los de selectividad, aprovechamiento de la fracci&#xF3;n fermentable del alimento y, potencial de calentamiento global. El objetivo de esta investigaci&#xF3;n fue determinar tales indicadores en funci&#xF3;n de la relaci&#xF3;n de la energ&#xED;a metabolizable (EM) y prote&#xED;na cruda (PC) del alimento, para lo cual se realizaron dos experimentos. En el primero de ellos se determin&#xF3; el indicador del potencial de calentamiento global (IPCG) a partir de la producci&#xF3;n por fermentaci&#xF3;n in vitro, de CO2 y CH4 de cinco dietas con proporciones distintas de EM y PC, as&#xED; como de muestras de heces de corderos alimentados con tales dietas. En un segundo experimento, se determinaron los indicadores de selectividad animal (ISA), utilizaci&#xF3;n de la fracci&#xF3;n fermentable del alimento (IUFA), y del potencial de calentamiento global (IPCG) in vivo, considerando el gas producido (mL g-1 MS) in vitro por las muestras de alimento ofrecido, rechazado y heces producidas, y la cantidad de alimento, rechazo y heces (g d-1cordero-1). Los resultados mostraron que el IPCG obtenido con TPG in vitro, fue &#xFA;til para estimar el impacto ambiental del alimento de acuerdo con el nivel de EM y PC de la dieta para rumiantes. Adem&#xE1;s, los indicadores del IPCG, ISA e IUFA in vivo variaron en funci&#xF3;n de la proporci&#xF3;n EM:PC de la dieta, por lo que puede tener implicaciones &#xFA;tiles y pr&#xE1;cticas para estimar su posible impacto en la respuesta productiva e impacto en el calentamiento global.
</subfield>
  </datafield>
  <datafield tag="650" ind1=" " ind2="4">
    <subfield code="a">Emisiones de gases de efecto invernadero  </subfield>
    <subfield code="9">150647</subfield>
  </datafield>
  <datafield tag="650" ind1=" " ind2="4">
    <subfield code="a">Alimentos</subfield>
    <subfield code="x">Fermentaci&#xF3;n</subfield>
    <subfield code="9">4223</subfield>
  </datafield>
  <datafield tag="650" ind1=" " ind2="4">
    <subfield code="a">Energ&#xED;a metabolizable</subfield>
    <subfield code="9">138949</subfield>
  </datafield>
  <datafield tag="650" ind1=" " ind2="4">
    <subfield code="a">Corderos</subfield>
    <subfield code="x">Engorda</subfield>
    <subfield code="9">144080</subfield>
  </datafield>
  <datafield tag="700" ind1="1" ind2=" ">
    <subfield code="a">Miranda Romero, Luis Alberto</subfield>
    <subfield code="9">76103</subfield>
    <subfield code="e">director</subfield>
  </datafield>
  <datafield tag="700" ind1="1" ind2=" ">
    <subfield code="a">Salvador Flores, Omar</subfield>
    <subfield code="9">189475</subfield>
    <subfield code="e">codirector</subfield>
  </datafield>
  <datafield tag="700" ind1="1" ind2=" ">
    <subfield code="a">S&#xE1;nchez del Real, Carlos</subfield>
    <subfield code="9">107464</subfield>
    <subfield code="e">asesor</subfield>
  </datafield>
  <datafield tag="856" ind1=" " ind2=" ">
    <subfield code="u">http://10.13.5.2/tesis/tm/2020_ZO_Martinez_Hernandez_BrayanEduardo.pdf</subfield>
    <subfield code="z">DESCARGAR PDF</subfield>
  </datafield>
  <datafield tag="942" ind1=" " ind2=" ">
    <subfield code="2">Clasificaci&#xF3;n Universidad Aut&#xF3;noma Chapingo</subfield>
    <subfield code="c">TD</subfield>
  </datafield>
  <datafield tag="999" ind1=" " ind2=" ">
    <subfield code="c">220106</subfield>
    <subfield code="d">220106</subfield>
  </datafield>
  <datafield tag="952" ind1=" " ind2=" ">
    <subfield code="0">0</subfield>
    <subfield code="1">0</subfield>
    <subfield code="2">local</subfield>
    <subfield code="4">0</subfield>
    <subfield code="5">1</subfield>
    <subfield code="7">0</subfield>
    <subfield code="8">TesDigM</subfield>
    <subfield code="a">BD</subfield>
    <subfield code="b">BD</subfield>
    <subfield code="c">E_L</subfield>
    <subfield code="d">2024-08-26</subfield>
    <subfield code="l">0</subfield>
    <subfield code="o">Tesis digital</subfield>
    <subfield code="r">2024-08-26 14:14:05</subfield>
    <subfield code="w">2024-08-26</subfield>
    <subfield code="y">TD</subfield>
  </datafield>
</record>
